El compostaje y su utilización en agricultura

Gespeichert in:
Bibliographische Detailangaben
Körperschaften: Fundación para la Innovación Agraria (VerfasserIn), FIA (VerfasserIn), Universidad de las Américas (VerfasserIn)
Format: Buch
Sprache:Spanisch
Veröffentlicht: Santiago, Chile Fundación para la Innovación Agraria 2007
Santiago Universidad de las Américas 2007
Schriftenreihe:Manuales FIA de Apoyo a la Formación de Recursos Humanos para la Innovación Agraria para Pequeños-as Productores-as de la Agricultura Familiar Campesina
Schlagworte:
Online-Zugang:Disponible Online
Tags: Tag hinzufügen
Keine Tags, Fügen Sie den ersten Tag hinzu!

MARC

LEADER 00000nam a2200000 a 4500
001 UCI7823
003 CL-VaPUC
005 20220822165942.0
008 080725e20070000cl |||||||||||||||||spa|d
999 |c 330964  |d 330962 
020 |a 9789567874705 
040 |c Pontificia Universidad Católica de Valparaíso 
082 0 4 |a 631.875 FUN 2007  |2 21 
110 2 |a Fundación para la Innovación Agraria  |e author  |9 531142 
245 1 3 |a El compostaje y su utilización en agricultura 
260 |a Santiago, Chile   |b Fundación para la Innovación Agraria  |c 2007 
260 |a Santiago  |b Universidad de las Américas  |c 2007 
300 |a 36 p 
440 |a Manuales FIA de Apoyo a la Formación de Recursos Humanos para la Innovación Agraria para Pequeños-as Productores-as de la Agricultura Familiar Campesina  |9 860792 
500 |a Contiene un Cd-rom 
583 |a last modification  |c 20171011 01:55:24  |k Rodrigo Vera 
650 7 |a Compost  |2 CL-VaPUC  |9 502086  |x Agricultura 
650 7 |a Residuos agrícolas  |9 367591 
650 0 |a Agricultura orgánica   |9 418833 
710 2 |a FIA  |e author  |9 531143 
710 2 |a Universidad de las Américas  |e author  |9 531144 
856 |u http://bibliotecadigital.fia.cl/bitstream/handle/20.500.11944/1907/1El_compostaje_y_su_utilizacion_en_agricultura.pdf?sequence=1&isAllowed=y  |y Disponible Online  
942 |c BK  |2 ddc 
945 |d 20080725 00:00:00  |a jtorresc